| 000 | 01365cam a22003374a 4500 | ||
|---|---|---|---|
| 001 | 16531829 | ||
| 005 | 20170105102916.0 | ||
| 008 | 101104s2011 nju b 001 0 eng | ||
| 010 | _a 2010046141 | ||
| 020 | _a9780691141596 (hardcover : acidfree paper) | ||
| 020 | _a0691141592 (hardcover : acidfree paper) | ||
| 035 | _a(OCoLC)ocn679940581 | ||
| 040 |
_aDLC _cDLC _dYDX _dBTCTA _dYDXCP _dBWX _dCDX _dDLC |
||
| 042 | _apcc | ||
| 043 | _ae------ | ||
| 050 | 0 | 0 |
_aJN30 _b.M3536 2011 |
| 082 | 0 | 0 |
_a320.94 _222 |
| 100 | 1 | _aMarquand, David. | |
| 245 | 1 | 4 |
_aThe end of the West : _bthe once and future Europe / _cDavid Marquand. |
| 260 |
_aPrinceton : _bPrinceton University Press, _cc2011. |
||
| 300 |
_axv, 204 p. ; _c22 cm. |
||
| 490 | 1 | _aThe public square book series | |
| 504 | _aIncludes bibliographical references (p. 179-187) and index. | ||
| 505 | 0 | _aWeighing like a nightmare -- Hate-and hope -- The revenge of politics -- Which boundaries? Whose history? | |
| 651 | 0 |
_aEuropean Union countries _xPolitics and government _y21st century. |
|
| 651 | 0 |
_aEurope _xPolitics and government _y21st century. |
|
| 830 | 0 | _aPublic square (Princeton, N.J.) | |
| 906 |
_a7 _bcbc _corignew _d1 _eecip _f20 _gy-gencatlg |
||
| 942 |
_2ddc _cBK |
||
| 999 |
_c15339 _d15339 |
||